000
00298nam a2200121Ia 4500
005
20251222154406.0
008
251222s9999||||xx |||||||||||||| ||spa||
020
_a
84-02-03760-7
082
_a
848.8/B24
100
_a
"Barbey d'Aurevilly, Jules Amédée"
245
0
_a
Las diabólicas
942
_c
LIB
999
_c
35470
_d
35470